| 000 -LEADER |
| fixed length control field |
00772nam a22002417a 4500 |
| 001 - CONTROL NUMBER |
| control field |
4443 |
| 003 - CONTROL NUMBER IDENTIFIER |
| control field |
BD-DhUAP |
| 005 - DATE AND TIME OF LATEST TRANSACTION |
| control field |
20201223120049.0 |
| 008 - FIXED-LENGTH DATA ELEMENTS--GENERAL INFORMATION |
| fixed length control field |
201223s1997 nyu||||| |||| 001 0 eng d |
| 020 ## - INTERNATIONAL STANDARD BOOK NUMBER |
| International Standard Book Number |
047119039x |
| 040 ## - CATALOGING SOURCE |
| Original cataloging agency |
BD-DhUAP |
| Language of cataloging |
Eng |
| Transcribing agency |
BD-DhUAP |
| Modifying agency |
BD-DhUAP |
| 082 ## - DEWEY DECIMAL CLASSIFICATION NUMBER |
| Edition number |
23 |
| Classification number |
628.52 JEN |
| 100 ## - MAIN ENTRY--PERSONAL NAME |
| Personal name |
Jenniss, Stephen W. |
| 245 ## - TITLE STATEMENT |
| Title |
Applications of atomic spectrometry to regulatory compliance monitoring / |
| Statement of responsibility, etc. |
Stephen W. Jenniss, Sidney A. Katz and Richard W. Lynch. |
| 250 ## - EDITION STATEMENT |
| Edition statement |
2nd ed. |
| 260 ## - PUBLICATION, DISTRIBUTION, ETC. |
| Place of publication, distribution, etc. |
New York : |
| Name of publisher, distributor, etc. |
Wiley-VCH, |
| Date of publication, distribution, etc. |
©1997. |
| 300 ## - PHYSICAL DESCRIPTION |
| Extent |
xv, 248 pages : |
| Other physical details |
illustrations ; |
| Dimensions |
25 cm. |
| 500 ## - GENERAL NOTE |
| General note |
Includes index. |
| 650 ## - SUBJECT ADDED ENTRY--TOPICAL TERM |
| Topical term or geographic name entry element |
Atomic absorption spectroscopy. |
| 700 ## - ADDED ENTRY--PERSONAL NAME |
| Personal name |
Katz, Sidney A. |
| 700 ## - ADDED ENTRY--PERSONAL NAME |
| Personal name |
Lynch, Richard W. |
| 942 ## - ADDED ENTRY ELEMENTS (KOHA) |
| Source of classification or shelving scheme |
|
| Koha item type |
Book |